Einfluss von Substituenten auf die Bestandigkeit des Pyrrolidonringes. (Record no. 91165)

MARC details
000 -LEADER
fixed length control field 00533cam a22001933a 4500
001 - CONTROL NUMBER
control field tmp96013764
003 - CONTROL NUMBER IDENTIFIER
control field DLC
005 - DATE AND TIME OF LATEST TRANSACTION
control field 20260227112755.0
008 - FIXED-LENGTH DATA ELEMENTS--GENERAL INFORMATION
fixed length control field 070104s1905 gw m 000 0 ger
010 ## - LIBRARY OF CONGRESS CONTROL NUMBER
LC control number tmp96013764
035 ## - SYSTEM CONTROL NUMBER
System control number (OCoLC)ocm48776476
040 ## - CATALOGING SOURCE
Original cataloging agency DLC
Transcribing agency DLC
Modifying agency DLC
050 00 - LIBRARY OF CONGRESS CALL NUMBER
Classification number QD401
Item number .W35 1905
100 1# - MAIN ENTRY--PERSONAL NAME
Personal name Weber, Hermann,
Titles and words associated with a name 1879-
245 10 - TITLE STATEMENT
Title Einfluss von Substituenten auf die Bestandigkeit des Pyrrolidonringes.
260 ## - PUBLICATION, DISTRIBUTION, ETC.
Place of publication, distribution, etc. Berlin, ;
Date of publication, distribution, etc. 1905
300 ## - PHYSICAL DESCRIPTION
Extent 59 p. ;
Dimensions 14 cm.
502 ## - DISSERTATION NOTE
Dissertation note Inaug.-Diss.--Berlin.

No items available.

Powered by Koha